Classement de la Ligue 2 - 2024/25 - Statistiques

Statistiques générales
  • Ce quiz a été pris 40 fois
  • Le résultat moyen est 12 sur 18
Statistiques - réponses
Position Points Equipe % Correct
3 65 Metz
86%
2 69 Paris FC
86%
1 71 Lorient
83%
8 48 Bastia
74%
16 33 Clermont
74%
13 42 Pau
71%
12 42 Ajaccio
69%
10 44 Troyes
69%
9 46 Grenoble
66%
7 50 Laval
66%
11 43 Amiens
63%
18 22 Caen
63%
15 38 Red Star
63%
5 55 Guingamp
60%
14 39 Rodez
60%
4 56 Dunkerque
51%
6 51 Annecy
49%
17 32 Martigues
43%
Aucun quiz correspondant
Distribution des résultats
% des personnes avec chaque résultat
Percentile par nombre de réponses
Votre historique - résultats
Vous n’avez pas pris ce quiz